Vista normal Vista MARC

Entrada Materia (personas)

Número de registros utilizados en: 1

001 - CONTROL NUMBER

  • control field: 53620

003 - CONTROL NUMBER IDENTIFIER

  • control field: Co-BoUCM

005 - DATE AND TIME OF LATEST TRANSACTION

  • control field: 20140120114759.0

008 - FIXED-LENGTH DATA ELEMENTS

  • fixed length control field: 140120|| aca||aabn | a|a d

040 ## - CATALOGING SOURCE

  • Original cataloging agency: Co-BoUCM
  • Transcribing agency: Co-BoUCM

100 ## - HEADING--PERSONAL NAME

  • Personal name: Sáenz, Mauricio

670 ## - SOURCE DATA FOUND

  • Source citation: Work cat.: (Co-BoUCM)183584: Poder y medio, 2004